000
00214nam a22000857a 4500
008
170210b xxu||||| |||| 00| 0 eng d
100
_9
2858
_a
Trent Setters
245
_a
My Songs And Games
260
_a
New Delhi
_b
INC
_c
2008
999
_c
6078
_d
6078